[Event "FIDE World Rapid-ch Open 2018"]
[White "Mchedlishvili, Mikheil"]
[Black "Steinberg, Nitzan"]
[Site "St. Petersburg"]
[Round "2.40"]
[Annotator "ChessBase"]
[Result "0-1"]
[Date "2018.12.26"]
[WhiteElo "2610"]
[BlackElo "2532"]
[PlyCount "98"]
[TimeControl "900+10"]

1. d4 {[%emt 0:0:0]} d5 {[%emt 0:0:0]} 2. c4 {[%emt 0:0:0]} c6 {[%emt 0:0:0]} 3. Nf3 {[%emt 0:0:7]} Nf6 {[%emt 0:0:0]} 4. g3 {[%emt 0:0:24]} dxc4 {[%emt 0:0:7]} 5. Bg2 {[%emt 0:0:8]} g6 {[%emt 0:0:2]} 6. Ne5 {[%emt 0:2:0]
} Be6 {[%emt 0:1:29]} 7. 0-0 {[%emt 0:1:36]} Bg7 {[%emt 0:0:0]} 8. Na3 {[%emt 0:0:59]} Ng4 {[%emt 0:2:56]} 9. Naxc4 {[%emt 0:1:29]} Nxe5 {[%emt 0:0:25]} 10. Nxe5 {[%emt 0:0:3]} Nd7 {[%emt 0:0:25]} 11. Nf3 {[%emt 0:1:14]
} Bd5 {[%emt 0:0:1]} 12. Qc2 {[%emt 0:0:53]} Bxf3 {[%emt 0:0:0]} 13. Bxf3 {[%emt 0:0:3]} Bxd4 {[%emt 0:0:3]} 14. Bh6 {[%emt 0:1:24]} Qb6 {[%emt 0:0:7]} 15. Rad1 {[%emt 0:2:36]} Ne5 {[%emt 0:0:17]} 16. Qe4 {[%emt 0:1:13]
} 0-0-0 {[%emt 0:0:35]} 17. Kg2 {[%emt 0:1:39]} f5 {[%emt 0:0:0]} 18. Qh4 {[%emt 0:0:6]} Rd7 {[%emt 0:1:41]} 19. b3 {[%emt 0:0:38]} Nxf3 {[%emt 0:1:19]} 20. exf3 {[%emt 0:0:1]} Qc5 {[%emt 0:0:21]} 21. Rc1 {[%emt 0:0:46]
} Qd5 {[%emt 0:0:4]} 22. Rfd1 {[%emt 0:0:15]} e5 {[%emt 0:0:0]} 23. Rc4 {[%emt 0:0:10]} c5 {[%emt 0:0:52]} 24. Be3 {[%emt 0:0:12]} b6 {[%emt 0:1:1]
} 25. Bxd4 {[%emt 0:0:37]} exd4 {[%emt 0:0:2]} 26. Rc2 {[%emt 0:0:36]
} Kb7 {[%emt 0:0:12]} 27. Qf4 {[%emt 0:0:4]} Re8 {[%emt 0:0:0]} 28. Qd2 {[%emt 0:0:14]} d3 {[%emt 0:0:49]} 29. Rc3 {[%emt 0:0:0]} Re2 {[%emt 0:0:13]} 30. Qf4 {[%emt 0:0:19]} Qd4 {[%emt 0:0:19]} 31. Qxd4 {[%emt 0:0:8]
} Rxd4 {[%emt 0:0:2]} 32. a4 {[%emt 0:0:13]} d2 {[%emt 0:0:0]} 33. Kf1 {[%emt 0:0:1]} Re7 {[%emt 0:0:6]} 34. h4 {[%emt 0:0:13]} Kc6 {[%emt 0:0:9]} 35. Rc2 {[%emt 0:0:16]} Red7 {[%emt 0:0:16]} 36. Ke2 {[%emt 0:0:1]
} Re7+ {[%emt 0:0:4]} 37. Kf1 {[%emt 0:0:1]} Red7 {[%emt 0:0:0]} 38. Ke2 {[%emt 0:0:1]} a6 {[%emt 0:0:21]} 39. Rc3 {[%emt 0:0:12]} b5 {[%emt 0:0:13]} 40. axb5+ {[%emt 0:0:2]} axb5 {[%emt 0:0:1]} 41. Re3 {[%emt 0:0:5]
} c4 {[%emt 0:0:11]} 42. bxc4 {[%emt 0:0:13]} bxc4 {[%emt 0:0:0]} 43. f4 {[%emt 0:0:39]} Kc5 {[%emt 0:0:8]} 44. h5 {[%emt 0:0:11]} gxh5 {[%emt 0:0:25]} 45. Re5+ {[%emt 0:0:1]} Kb4 {[%emt 0:0:6]} 46. Rb1+ {[%emt 0:0:20]
} Kc3 {[%emt 0:0:5]} 47. Kd1 {[%emt 0:0:1]} Re4 {[%emt 0:0:0]} 48. Ra1 {[%emt 0:0:22]} Kd3 {[%emt 0:0:19]} 49. Raa5 {[%emt 0:0:11]} c3 {[%emt 0:0:14]} 0-1

[Event "FIDE World Rapid-ch Open 2018"]
[White "Ovchinnikov, Vsevolod"]
[Black "Alekseenko, Kirill"]
[Site "St. Petersburg"]
[Round "2.41"]
[Annotator "ChessBase"]
[Result "0-1"]
[Date "2018.12.26"]
[WhiteElo "2329"]
[BlackElo "2638"]
[PlyCount "60"]
[TimeControl "900+10"]

1. Nf3 {[%emt 0:0:0]} c5 {[%emt 0:0:1]} 2. c4 {[%emt 0:0:0]} Nc6 {[%emt 0:0:6]
} 3. g3 {[%emt 0:0:1]} g6 {[%emt 0:0:8]} 4. Bg2 {[%emt 0:0:0]} Bg7 {[%emt 0:0:3]} 5. Nc3 {[%emt 0:0:13]} d6 {[%emt 0:0:13]} 6. d3 {[%emt 0:0:18]
} Bf5 {[%emt 0:0:16]} 7. Bd2 {[%emt 0:1:15]} Nf6 {[%emt 0:0:0]} 8. a3 {[%emt 0:1:25]} 0-0 {[%emt 0:0:5]} 9. b4 {[%emt 0:0:46]} cxb4 {[%emt 0:0:15]
} 10. axb4 {[%emt 0:0:2]} Nxb4 {[%emt 0:0:24]} 11. Nd4 {[%emt 0:1:46]
} Bg4 {[%emt 0:1:0]} 12. Qb1 {[%emt 0:2:41]} a5 {[%emt 0:0:0]} 13. Ncb5 {[%emt 0:1:49]} d5 {[%emt 0:1:17]} 14. Bxb4 {[%emt 0:3:20]} axb4 {[%emt 0:0:3]} 15. Rxa8 {[%emt 0:0:2]} Qxa8 {[%emt 0:0:2]} 16. 0-0 {[%emt 0:0:19]
} e5 {[%emt 0:0:25]} 17. Nf3 {[%emt 0:0:26]} e4 {[%emt 0:1:11]
} 18. Nfd4 {[%emt 0:1:14]} Qa4 {[%emt 0:0:9]} 19. dxe4 {[%emt 0:1:57]} dxc4 {[%emt 0:0:18]} 20. e5 {[%emt 0:0:2]} Nd7 {[%emt 0:0:17]} 21. Qe4 {[%emt 0:0:0]} Nxe5 {[%emt 0:0:26]} 22. f4 {[%emt 0:0:1]} Nc6 {[%emt 0:0:34]} 23. Nxc6 {[%emt 0:0:22]} bxc6 {[%emt 0:0:2]} 24. Nd6 {[%emt 0:0:10]} c3 {[%emt 0:0:28]
} 25. f5 {[%emt 0:0:2]} gxf5 {[%emt 0:0:27]} 26. Nxf5 {[%emt 0:0:1]
} Bxf5 {[%emt 0:0:5]} 27. Qxf5 {[%emt 0:0:2]} Qb5 {[%emt 0:0:0]} 28. Qd7 {[%emt 0:0:40]} Qc5+ {[%emt 0:0:16]} 29. Kh1 {[%emt 0:0:4]} c2 {[%emt 0:0:5]} 30. Qd2 {[%emt 0:0:3]} Bb2 {[%emt 0:0:31]} 0-1

[Event "FIDE World Rapid-ch Open 2018"]
[White "Yu, Yangyi"]
[Black "Zubritskiy, Artyom"]
[Site "St. Petersburg"]
[Round "2.42"]
[Annotator "TA"]
[Result "1-0"]
[Date "2018.12.26"]
[WhiteElo "2764"]
[BlackElo "2442"]
[PlyCount "59"]

1. Nf3 {} Nf6 2. c4 g6 3. d4 Bg7 4. Nc3 d5 5. cxd5 Nxd5 6. e4 Nxc3 7. bxc3 0-0 8. Be2 c5 9. 0-0 Nc6 10. d5 {LiveBook: 3
Games. D85: Exchange Grünfeld: Unusual White 7th moves and lines with 7 Nf3} (10. Be3 Qc7 11. d5 Ne5 12. Nxe5 Bxe5 13. f4 Bxc3 14. Rc1 Qa5 15. Qd3 Bd4 16. Bxd4 cxd4 17. Qxd4 Qxa2 18. Bd3 Qa5 19. Rc5 Qd8 20. Rfc1 Bd7 21. Rc7 Rc8 22. Rxc8 Bxc8 23. Qxa7 e6 24. Qd4 {1/2-1/2 (24) Polak,T (2505)-Tazbir,M (2521)
Czech Republic 2017} )Na5 11. Bg5 Bxc3 $146 ({Predecessor:} 11... Bg4 12. Rc1 Qc7 13. c4 f5 14. exf5 Rxf5 15. Be3 b6 16. Ng5 Bxe2 17. Qxe2 Bh6 {1-0 (29)
Iljin,T (2284)-Zlachevskiy,L (2004) Sochi 2018} )12. Rc1 {White is slightly
better.} Bg7 13. Rxc5 b6 14. Rc1 Bg4 15. Qd2 $36 { White has strong
initiative.} Nb7 16. Nd4 Bxe2 17. Nc6 { [#] Double Attack} Bxf1 $2 (17... Qd7 $1 $14 18. Qxe2 (18. Nxe7+ Kh8 $14 )Rfe8 )18. Nxd8 $18 Rfxd8 19. Kxf1 {Threatens to win with Rc7.} ({Don't do} 19. Rxf1 $6 Rd7 )Rd7 20. Rc6 e6 (20... Na5 $142 )21. Qc2 {Hoping for Rc8+.} Nc5 22. d6 Be5 23. Be7 Rb8 24. g3 {} Rbb7 (24... Re8 $18 25. f4 Rdxe7 26. dxe7 Bf6 )25. f4 (25. Rc8+ $142 Kg7 26. Bf8+ Kf6 27. Qe2 Bf4 28. gxf4 e5 29. Qg4 Nxe4 30. Re8 )Bd4 26. Rc8+ {White mates.} Kg7 27. Bf8+ Kf6 28. g4 {
} g5 29. e5+ { [#] Discovered Attack} Bxe5 30. Qxh7 {Accuracy: White = 57%, Black = 29%.} 1-0

[Event "FIDE World Rapid-ch Open 2018"]
[White "Tregubov, Pavel V."]
[Black "Le, Quang Liem"]
[Site "St. Petersburg"]
[Round "2.44"]
[Annotator "ChessBase"]
[Result "1/2-1/2"]
[Date "2018.12.26"]
[WhiteElo "2592"]
[BlackElo "2714"]
[PlyCount "99"]
[TimeControl "900+10"]

1. d4 {[%emt 0:0:0]} Nf6 {[%emt 0:0:0]} 2. c4 {[%emt 0:0:0]} e6 {[%emt 0:0:0]} 3. Nc3 {[%emt 0:0:0]} Bb4 {[%emt 0:0:0]} 4. e3 {[%emt 0:0:0]} 0-0 {[%emt 0:0:0]} 5. Nge2 {[%emt 0:0:1]} Re8 {[%emt 0:0:1]} 6. a3 {[%emt 0:0:0]} Bf8 {[%emt 0:0:3]} 7. d5 {[%emt 0:0:2]} d6 {[%emt 0:0:9]} 8. Ng3 {[%emt 0:0:23]} a5 {[%emt 0:0:12]} 9. Be2 {[%emt 0:0:31]} Na6 {[%emt 0:0:0]} 10. 0-0 {[%emt 0:0:33]} Nc5 {[%emt 0:0:3]} 11. b3 {[%emt 0:0:2]} c6 {[%emt 0:0:50]
} 12. e4 {[%emt 0:1:32]} exd5 {[%emt 0:0:15]} 13. exd5 {[%emt 0:0:1]
} cxd5 {[%emt 0:0:46]} 14. cxd5 {[%emt 0:0:9]} Bd7 {[%emt 0:0:0]} 15. Be3 {[%emt 0:0:38]} Rc8 {[%emt 0:0:5]} 16. Bd4 {[%emt 0:1:28]} g6 {[%emt 0:0:21]} 17. Bf3 {[%emt 0:0:38]} Bg7 {[%emt 0:1:32]} 18. b4 {[%emt 0:0:48]
} Na6 {[%emt 0:0:6]} 19. Qb3 {[%emt 0:0:31]} h5 {[%emt 0:0:0]} 20. h3 {[%emt 0:0:50]} h4 {[%emt 0:0:32]} 21. Nge2 {[%emt 0:0:3]} axb4 {[%emt 0:1:6]} 22. axb4 {[%emt 0:0:2]} Bf5 {[%emt 0:0:3]} 23. Rfd1 {[%emt 0:1:31]
} Qd7 {[%emt 0:3:12]} 24. Rac1 {[%emt 0:4:7]} Bxh3 {[%emt 0:0:0]} 25. Bxf6 {[%emt 0:1:2]} Bxf6 {[%emt 0:0:7]} 26. gxh3 {[%emt 0:0:0]} Qxh3 {[%emt 0:0:22]} 27. Bg2 {[%emt 0:0:17]} Qf5 {[%emt 0:0:33]} 28. Ne4 {[%emt 0:0:45]} Rxc1 {[%emt 0:0:7]} 29. Nxf6+ {[%emt 0:0:30]} Qxf6 {[%emt 0:0:2]
} 30. Nxc1 {[%emt 0:0:3]} Re5 {[%emt 0:0:13]} 31. Qc3 {[%emt 0:1:32]
} Qg5 {[%emt 0:0:39]} 32. Nd3 {[%emt 0:0:29]} Re8 {[%emt 0:0:0]} 33. Re1 {[%emt 0:0:24]} Rxe1+ {[%emt 0:0:9]} 34. Nxe1 {[%emt 0:0:2]} Qg4 {[%emt 0:0:13]} 35. Nc2 {[%emt 0:0:13]} h3 {[%emt 0:0:3]} 36. Ne3 {[%emt 0:0:9]
} Qxb4 {[%emt 0:0:12]} 37. Qxb4 {[%emt 0:0:22]} Nxb4 {[%emt 0:0:0]} 38. Bxh3 {[%emt 0:0:1]} f5 {[%emt 0:0:5]} 39. Bg2 {[%emt 0:0:37]} b5 {[%emt 0:0:7]} 40. Bf1 {[%emt 0:0:23]} f4 {[%emt 0:0:1]} 41. Ng4 {[%emt 0:0:0]
} Nxd5 {[%emt 0:0:3]} 42. Bxb5 {[%emt 0:0:1]} Kg7 {[%emt 0:0:0]} 43. Kg2 {[%emt 0:0:2]} g5 {[%emt 0:0:8]} 44. Kf3 {[%emt 0:0:2]} Nc3 {[%emt 0:0:1]} 45. Bd7 {[%emt 0:0:6]} Kg6 {[%emt 0:0:8]} 46. Bc8 {[%emt 0:0:8]
} Kh5 {[%emt 0:0:21]} 47. Nf6+ {[%emt 0:0:8]} Kh4 {[%emt 0:0:0]} 48. Ne4 {[%emt 0:0:17]} g4+ {[%emt 0:0:19]} 49. Bxg4 {[%emt 0:0:56]} Nxe4 {[%emt 0:0:2]} 50. Bf5 {[%emt 0:0:4]} 1/2-1/2

[Event "FIDE World Rapid-ch Open 2018"]
[White "Mamedov, Rauf"]
[Black "Shinkevich, Vitaly"]
[Site "St. Petersburg"]
[Round "2.45"]
[Annotator "ChessBase"]
[Result "1-0"]
[Date "2018.12.26"]
[WhiteElo "2703"]
[BlackElo "2439"]
[PlyCount "67"]
[TimeControl "900+10"]

1. e4 {[%emt 0:0:0]} e5 {[%emt 0:0:0]} 2. Nf3 {[%emt 0:0:1]} Nc6 {[%emt 0:0:0]
} 3. Bc4 {[%emt 0:0:2]} Bc5 {[%emt 0:0:0]} 4. c3 {[%emt 0:0:0]} Nf6 {[%emt 0:0:0]} 5. d3 {[%emt 0:0:1]} a6 {[%emt 0:0:12]} 6. a4 {[%emt 0:0:3]
} 0-0 {[%emt 0:0:12]} 7. 0-0 {[%emt 0:0:3]} d6 {[%emt 0:0:33]
} 8. Bg5 {[%emt 0:0:2]} h6 {[%emt 0:0:11]} 9. Bh4 {[%emt 0:0:1]} g5 {[%emt 0:1:56]
} 10. Nxg5 {[%emt 0:0:2]} hxg5 {[%emt 0:0:3]} 11. Bxg5 {[%emt 0:0:1]
} Kg7 {[%emt 0:0:39]} 12. Qf3 {[%emt 0:0:1]} Rh8 {[%emt 0:0:0]} 13. Nd2 {[%emt 0:1:17]} Kg6 {[%emt 0:1:25]} 14. h4 {[%emt 0:0:33]} Bg4 {[%emt 0:2:31]} 15. Qg3 {[%emt 0:7:31]} Qd7 {[%emt 0:0:11]} 16. d4 {[%emt 0:0:0]} Nh5 {[%emt 0:2:12]} 17. Qd3 {[%emt 0:0:1]} exd4 {[%emt 0:0:52]} 18. cxd4 {[%emt 0:0:3]} Bxd4 {[%emt 0:1:32]} 19. Bd5 {[%emt 0:0:3]} Ba7 {[%emt 0:1:7]
} 20. Be3 {[%emt 0:1:45]} Ne5 {[%emt 0:0:22]} 21. Qc3 {[%emt 0:0:0]} c6 {[%emt 0:1:12]} 22. Ba2 {[%emt 0:0:2]} Bxe3 {[%emt 0:0:49]} 23. Qxe3 {[%emt 0:0:1]} Qe7 {[%emt 0:0:10]} 24. f4 {[%emt 0:0:26]} Nd7 {[%emt 0:0:45]
} 25. Qf2 {[%emt 0:1:56]} Kh6 {[%emt 0:0:2]} 26. Nc4 {[%emt 0:0:0]} Rag8 {[%emt 0:0:21]} 27. e5 {[%emt 0:0:55]} Bh3 {[%emt 0:0:12]} 28. Nxd6 {[%emt 0:0:15]} Rh7 {[%emt 0:0:17]} 29. Kh2 {[%emt 0:0:20]} Be6 {[%emt 0:0:9]
} 30. f5 {[%emt 0:0:13]} Bxa2 {[%emt 0:0:9]} 31. Qe3+ {[%emt 0:0:1]
} Kg7 {[%emt 0:0:2]} 32. f6+ {[%emt 0:0:1]} Ndxf6 {[%emt 0:0:0]} 33. exf6+ {[%emt 0:0:1]} Nxf6 {[%emt 0:0:18]} 34. Qxe7 {[%emt 0:0:0]} 1-0

[Event "FIDE World Rapid-ch Open 2018"]
[White "Sokolin, Leonid"]
[Black "Tomashevsky, Evgeny"]
[Site "St. Petersburg"]
[Round "2.46"]
[Annotator "ChessBase"]
[Result "0-1"]
[Date "2018.12.26"]
[WhiteElo "2508"]
[BlackElo "2705"]
[PlyCount "74"]
[TimeControl "900+10"]

1. e4 {[%emt 0:0:0]} e5 {[%emt 0:0:0]} 2. Nf3 {[%emt 0:0:0]} Nc6 {[%emt 0:0:0]
} 3. Bb5 {[%emt 0:0:0]} a6 {[%emt 0:0:0]} 4. Bxc6 {[%emt 0:0:0]} dxc6 {[%emt 0:0:0]} 5. 0-0 {[%emt 0:0:0]} Bd6 {[%emt 0:0:14]} 6. d4 {[%emt 0:0:0]} exd4 {[%emt 0:0:15]} 7. Qxd4 {[%emt 0:0:0]} f6 {[%emt 0:0:0]} 8. Nc3 {[%emt 0:0:20]} Ne7 {[%emt 0:1:12]} 9. h3 {[%emt 0:1:24]} Ng6 {[%emt 0:0:41]} 10. Be3 {[%emt 0:0:24]} Qe7 {[%emt 0:0:22]} 11. Qd2 {[%emt 0:1:3]
} 0-0 {[%emt 0:1:9]} 12. Nd4 {[%emt 0:0:20]} Bd7 {[%emt 0:0:0]} 13. Rae1 {[%emt 0:0:28]} Rad8 {[%emt 0:1:36]} 14. Qe2 {[%emt 0:2:16]} Bc8 {[%emt 0:1:13]} 15. Qc4+ {[%emt 0:1:24]} Qf7 {[%emt 0:0:21]} 16. Qxf7+ {[%emt 0:0:15]
} Kxf7 {[%emt 0:0:2]} 17. Rd1 {[%emt 0:0:41]} Rfe8 {[%emt 0:0:0]} 18. f4 {[%emt 0:0:32]} Bf8 {[%emt 0:3:26]} 19. Kf2 {[%emt 0:0:37]} c5 {[%emt 0:1:10]} 20. Nde2 {[%emt 0:0:37]} b5 {[%emt 0:0:21]} 21. Ng3 {[%emt 0:1:56]
} Bb7 {[%emt 0:0:16]} 22. f5 {[%emt 0:0:26]} Ne5 {[%emt 0:0:0]} 23. b3 {[%emt 0:0:0]} Bd6 {[%emt 0:1:43]} 24. Nd5 {[%emt 0:0:15]} Bxd5 {[%emt 0:0:50]} 25. Rxd5 {[%emt 0:0:4]} Nc6 {[%emt 0:0:34]} 26. Rfd1 {[%emt 0:3:55]
} Nb4 {[%emt 0:0:13]} 27. R5d2 {[%emt 0:0:10]} Nxc2 {[%emt 0:0:0]} 28. Ne2 {[%emt 0:1:13]} Nxe3 {[%emt 0:0:24]} 29. Kxe3 {[%emt 0:0:1]
} g5 {[%emt 0:0:2]} 30. fxg6+ {[%emt 0:0:9]} hxg6 {[%emt 0:0:3]} 31. Kf3 {[%emt 0:0:10]} Re5 {[%emt 0:0:13]} 32. Ng3 {[%emt 0:0:48]} Rde8 {[%emt 0:0:0]} 33. Rc2 {[%emt 0:0:22]} R5e6 {[%emt 0:0:40]} 34. Rd3 {[%emt 0:0:3]} Rh8 {[%emt 0:0:11]} 35. Nf1 {[%emt 0:0:15]} Rh4 36. Nd2 f5 {[%emt 0:0:22]} 37. exf5 {[%emt 0:0:2]} Rf4+ {[%emt 0:0:2]} 0-1

[Event "FIDE World Rapid-ch Open 2018"]
[White "Jakovenko, Dmitry"]
[Black "Potapov, Pavel"]
[Site "St. Petersburg"]
[Round "2.47"]
[Annotator "TA"]
[Result "1-0"]
[Date "2018.12.26"]
[WhiteElo "2735"]
[BlackElo "2516"]
[PlyCount "93"]

1. Nf3 {} f5 2. c4 Nf6 3. g3 g6 4. Bg2 Bg7 5. 0-0 0-0 6. d4 d6 7. Nc3 {
} c6 8. Rb1 a5 9. Qb3 {A88: Dutch Defence: Leningrad System: 5 Nf3
0-0 6 0-0 d6 7 Nc3 c6} (9. d5 e5 10. dxe6 Bxe6 11. b3 Qe7 12. Bf4 Rd8 13. Qd2 d5 14. cxd5 Nxd5 15. Nxd5 Bxd5 16. Bg5 Bf6 17. Bxf6 Qxf6 {0-1 (70) Sarana,A 
(2543)-Mamedyarov,S (2791) Sochi 2017} )Kh8 10. Rd1 Na6 11. Na4 {LiveBook:
3 Games. White is slightly better.} Rb8 $146 ({Predecessor:} 11... b5 12. cxb5 cxb5 13. Nc3 Rb8 14. Nxb5 Nc7 15. a4 Bd7 16. Ng5 Qe8 17. Nxc7 Rxb3 18. Nxe8 Rxe8 {1-0 (57) Ladva,O (2522)-Bartel,M (2609) Katowice 2017} )12. Nb6 Be6 13. Be3 (13. Bd2 $1 $11 )Ng4 $15 14. d5 Nxe3 (14... Bg8 $17 )15. Qxe3 $11 Bg8 16. Na4 cxd5 17. cxd5 {[#]} b5 $1 {} 18. Nc3 Nc5 {Hoping for ...b4.
} 19. b4 $2 (19. b3 $17 )axb4 $19 20. Rxb4 Qa5 21. Rdb1 {[#]} Na6 $1 {
} 22. a3 Nxb4 23. axb4 Qb6 24. Qd3 Rfc8 25. Nd1 Rc4 26. e3 (26. Ne3 {might work better.} Rc3 27. Qd2 )Rbc8 27. Nd2 Rc1 28. Rxc1 Rxc1 29. Nb3 Rc4 30. Qd2 Qc7 31. Na5 Rc2 32. Qd3 Rc1 33. Nc6 e6 34. Bf3 exd5 35. Nd4 Qc4 36. Qd2 Rb1 37. Kg2 Qxb4 38. Nc3 Rb2 39. Qc1 Qa3 40. Nce2 Ra2 (40... Qa2 $142 41. Qe1 b4 )41. Qc7 Qc5 42. Qb8 b4 43. Nf4 Bxd4 $4 {} (43... Qa7 $19 44. Qd8 Qa8 45. Qxd6 Qf8 )44. Bxd5 $1 $18 {} Rxf2+ 45. Kxf2 {
 White mates.} Bxe3+ 46. Kf3 {} Kg7 47. Qxg8+ {Accuracy: White = 35%, Black = 57%.} 1-0

[Event "FIDE World Rapid-ch Open 2018"]
[White "Zhigalko, Sergei"]
[Black "Khusnutdinov, Rustam"]
[Site "St. Petersburg"]
[Round "2.48"]
[Annotator "ChessBase"]
[Result "0-1"]
[Date "2018.12.26"]
[WhiteElo "2604"]
[BlackElo "2470"]
[PlyCount "132"]
[TimeControl "900+10"]

1. e4 {[%emt 0:0:0]} Nc6 {[%emt 0:0:8]} 2. Nf3 {[%emt 0:0:0]} d6 {[%emt 0:0:2]
} 3. d4 {[%emt 0:0:0]} Nf6 {[%emt 0:0:2]} 4. Nc3 {[%emt 0:0:0]} g6 {[%emt 0:0:5]} 5. d5 {[%emt 0:0:6]} Nb8 {[%emt 0:0:2]} 6. h3 {[%emt 0:0:7]
} Bg7 {[%emt 0:0:1]} 7. Bc4 {[%emt 0:0:3]} 0-0 {[%emt 0:0:0]} 8. 0-0 {[%emt 0:0:6]} c6 {[%emt 0:0:49]} 9. a4 {[%emt 0:0:7]} b6 {[%emt 0:0:26]
} 10. Re1 {[%emt 0:0:11]} Bb7 {[%emt 0:0:3]} 11. Bg5 {[%emt 0:0:0]} Nbd7 {[%emt 0:0:10]} 12. Qd2 {[%emt 0:4:2]} Rc8 {[%emt 0:0:4]} 13. b3 {[%emt 0:0:58]} a6 {[%emt 0:6:6]} 14. Rad1 {[%emt 0:1:38]} cxd5 {[%emt 0:1:30]
} 15. exd5 {[%emt 0:0:2]} b5 {[%emt 0:0:13]} 16. axb5 {[%emt 0:0:13]
} Nb6 {[%emt 0:0:1]} 17. Nd4 {[%emt 0:3:36]} axb5 {[%emt 0:0:0]} 18. Bxb5 {[%emt 0:0:5]} Nbxd5 {[%emt 0:0:6]} 19. Nxd5 {[%emt 0:0:7]} Bxd5 {[%emt 0:1:7]} 20. c4 {[%emt 0:1:12]} Ba8 {[%emt 0:0:19]} 21. Qe3 {[%emt 0:0:24]
} Rc5 {[%emt 0:0:27]} 22. f4 {[%emt 0:3:32]} e6 {[%emt 0:3:38]
} 23. b4 {[%emt 0:0:19]} Rc7 {[%emt 0:0:2]} 24. Nxe6 {[%emt 0:0:54]} fxe6 {[%emt 0:0:2]
} 25. Qxe6+ {[%emt 0:0:1]} Kh8 {[%emt 0:0:36]} 26. Rxd6 {[%emt 0:0:2]
} Qb8 {[%emt 0:0:1]} 27. Kh2 {[%emt 0:0:41]} Qb7 {[%emt 0:0:0]} 28. Re2 {[%emt 0:0:2]} Ne4 {[%emt 0:0:13]} 29. Rb6 {[%emt 0:0:14]} Nxg5 {[%emt 0:0:2]} 30. fxg5 {[%emt 0:0:6]} Qa7 {[%emt 0:0:10]} 31. c5 {[%emt 0:0:11]
} Rcf7 {[%emt 0:0:35]} 32. Bc4 {[%emt 0:0:14]} Rf4 {[%emt 0:0:0]} 33. Bd5 {[%emt 0:0:9]} R4f5 {[%emt 0:0:35]} 34. Bxa8 {[%emt 0:0:7]} Qxa8 {[%emt 0:0:1]} 35. h4 {[%emt 0:0:18]} Rf4 {[%emt 0:0:20]} 36. Kh3 {[%emt 0:0:9]
} Qa1 {[%emt 0:0:1]} 37. Re1 {[%emt 0:0:10]} Qd4 {[%emt 0:0:0]} 38. g3 {[%emt 0:0:3]} Rf2 {[%emt 0:0:5]} 39. Re2 {[%emt 0:0:15]} Rf1 {[%emt 0:0:9]} 40. Qe4 {[%emt 0:0:6]} Qc3 {[%emt 0:1:3]} 41. Re6 {[%emt 0:0:14]
} R1f3 {[%emt 0:0:2]} 42. Rg2 {[%emt 0:0:13]} R3f4 {[%emt 0:0:0]} 43. Qe3 {[%emt 0:0:11]} Qxe3 {[%emt 0:0:4]} 44. Rxe3 {[%emt 0:0:1]
} Rxb4 {[%emt 0:0:1]} 45. Rc2 {[%emt 0:0:4]} Rb7 {[%emt 0:0:9]} 46. c6 Rc7 47. Re6 {[%emt 0:0:15]} Kg8 {[%emt 0:0:5]} 48. Rd6 {[%emt 0:0:7]} Rfc8 {[%emt 0:0:2]} 49. Kg4 {[%emt 0:0:7]} Bf8 {[%emt 0:0:33]} 50. Re6 {[%emt 0:0:7]
} Rd8 {[%emt 0:0:3]} 51. Rc4 {[%emt 0:0:6]} Rd6 {[%emt 0:0:0]} 52. Rxd6 {[%emt 0:0:42]} Bxd6 {[%emt 0:0:1]} 53. Rc2 {[%emt 0:0:11]} Kf7 {[%emt 0:0:1]} 54. h5 {[%emt 0:0:4]} Ke6 {[%emt 0:0:1]} 55. Rf2 {[%emt 0:0:17]
} Be5 {[%emt 0:0:2]} 56. Rc2 {[%emt 0:0:9]} Kd5 {[%emt 0:0:0]} 57. hxg6 {[%emt 0:0:10]} hxg6 {[%emt 0:0:0]} 58. Rd2+ {[%emt 0:0:1]} Bd4 {[%emt 0:0:11]} 59. Re2 {[%emt 0:0:2]} Rxc6 {[%emt 0:0:1]} 60. Re8 {[%emt 0:0:1]
} Be5 {[%emt 0:0:4]} 61. Rd8+ {[%emt 0:0:2]} Ke4 {[%emt 0:0:0]} 62. Rg8 {[%emt 0:0:5]} Rd6 {[%emt 0:0:18]} 63. Re8 {[%emt 0:0:3]} Rd3 {[%emt 0:0:56]} 64. Re6 {[%emt 0:0:1]} Rxg3+ {[%emt 0:0:4]} 65. Kh4 {[%emt 0:0:2]
} Rg1 {[%emt 0:0:1]} 66. Rxg6 {[%emt 0:0:43]} Kf5 {[%emt 0:0:0]} 0-1

[Event "FIDE World Rapid-ch Open 2018"]
[White "Jobava, Baadur"]
[Black "Kryakvin, Dmitry"]
[Site "St. Petersburg"]
[Round "2.49"]
[Annotator "ChessBase"]
[Result "1-0"]
[Date "2018.12.26"]
[WhiteElo "2627"]
[BlackElo "2588"]
[PlyCount "127"]
[TimeControl "900+10"]

1. d4 {[%emt 0:0:0]} d5 {[%emt 0:0:0]} 2. c4 {[%emt 0:0:0]} c6 {[%emt 0:0:0]} 3. Nc3 {[%emt 0:0:0]} Nf6 {[%emt 0:0:3]} 4. Nf3 {[%emt 0:0:0]} dxc4 {[%emt 0:0:3]} 5. a4 {[%emt 0:0:0]} a5 {[%emt 0:0:4]} 6. e4 {[%emt 0:0:41]
} Bg4 {[%emt 0:0:16]} 7. Bxc4 {[%emt 0:0:51]} e6 {[%emt 0:0:0]} 8. Be2 {[%emt 0:1:14]} Bb4 {[%emt 0:0:15]} 9. 0-0 {[%emt 0:0:2]} Nbd7 {[%emt 0:1:33]} 10. h3 {[%emt 0:1:45]} Bh5 {[%emt 0:0:12]} 11. Ne5 {[%emt 0:0:0]} Bxe2 {[%emt 0:0:57]} 12. Qxe2 {[%emt 0:0:1]} 0-0 {[%emt 0:0:19]} 13. Nd3 {[%emt 0:0:32]} Be7 {[%emt 0:2:26]} 14. Rd1 {[%emt 0:0:9]} Re8 {[%emt 0:0:17]
} 15. Be3 {[%emt 0:0:9]} Nf8 {[%emt 0:1:18]} 16. Rac1 {[%emt 0:0:19]
} Rc8 {[%emt 0:0:5]} 17. g3 {[%emt 0:0:8]} Bb4 {[%emt 0:0:0]} 18. f3 {[%emt 0:0:7]} Ng6 {[%emt 0:0:55]} 19. Kg2 {[%emt 0:0:8]} Qe7 {[%emt 0:0:17]} 20. Na2 {[%emt 0:0:10]} Nd7 {[%emt 0:2:9]} 21. Naxb4 {[%emt 0:0:5]
} axb4 {[%emt 0:0:0]} 22. b3 {[%emt 0:3:12]} f5 {[%emt 0:0:0]} 23. Bd2 {[%emt 0:4:33]} fxe4 {[%emt 0:0:13]} 24. fxe4 {[%emt 0:0:2]} e5 {[%emt 0:0:22]} 25. Bxb4 {[%emt 0:0:7]} Qe6 {[%emt 0:0:44]} 26. Nc5 {[%emt 0:2:9]
} Nxc5 {[%emt 0:0:13]} 27. dxc5 {[%emt 0:0:2]} Qxb3 {[%emt 0:0:0]} 28. Rb1 {[%emt 0:0:3]} Qf7 {[%emt 0:0:38]} 29. Bc3 {[%emt 0:0:31]} Rc7 {[%emt 0:0:32]} 30. a5 {[%emt 0:0:11]} Nf8 {[%emt 0:0:44]} 31. Rf1 {[%emt 0:0:12]
} Qe6 {[%emt 0:0:11]} 32. Rf5 {[%emt 0:0:18]} Nd7 {[%emt 0:0:0]} 33. Rbf1 {[%emt 0:0:2]} Rf8 {[%emt 0:1:23]} 34. Rxf8+ {[%emt 0:0:36]} Nxf8 {[%emt 0:0:1]} 35. Qf3 {[%emt 0:0:14]} Rf7 {[%emt 0:0:28]} 36. Qxf7+ {[%emt 0:0:5]
} Qxf7 {[%emt 0:0:1]} 37. Rxf7 {[%emt 0:0:1]} Kxf7 {[%emt 0:0:0]} 38. Bxe5 {[%emt 0:0:1]} Ne6 {[%emt 0:0:1]} 39. Bd6 {[%emt 0:0:2]} Nd4 {[%emt 0:0:6]} 40. Bc7 {[%emt 0:0:7]} Nb3 {[%emt 0:0:8]} 41. Bd6 {[%emt 0:0:31]
} Nxa5 {[%emt 0:0:15]} 42. Kf3 {[%emt 0:0:0]} Nc4 {[%emt 0:0:0]} 43. Bc7 {[%emt 0:0:7]} Kf6 {[%emt 0:0:27]} 44. h4 {[%emt 0:0:5]} Nb2 {[%emt 0:0:53]} 45. Ke3 {[%emt 0:0:4]} Ke6 {[%emt 0:0:12]} 46. Kd4 {[%emt 0:0:11]
} Nd1 {[%emt 0:0:6]} 47. g4 {[%emt 0:0:19]} Nf2 {[%emt 0:0:0]} 48. g5 {[%emt 0:0:1]} h5 {[%emt 0:0:22]} 49. gxh6 {[%emt 0:0:5]} gxh6 {[%emt 0:0:1]} 50. h5 {[%emt 0:0:10]} Ng4 {[%emt 0:0:8]} 51. e5 {[%emt 0:0:0]} Kf5 {[%emt 0:0:2]} 52. Bd6 {[%emt 0:0:7]} Nf2 {[%emt 0:0:22]} 53. Bf8 {[%emt 0:0:1]} Ng4 {[%emt 0:0:28]} 54. Bg7 {[%emt 0:0:2]} Ke6 {[%emt 0:0:7]
} 55. Ke4 Kf7 56. Kf4 {[%emt 0:0:8]} Nf2 {[%emt 0:0:4]} 57. Bxh6 {[%emt 0:0:1]} Nd3+ {[%emt 0:0:2]} 58. Kf5 {[%emt 0:0:1]} Nxc5 {[%emt 0:0:0]
} 59. Bg5 {[%emt 0:0:17]} Ne6 {[%emt 0:0:15]} 60. h6 {[%emt 0:0:0]} Nf8 {[%emt 0:0:13]} 61. Bf6 {[%emt 0:0:2]} Nh7 {[%emt 0:0:53]} 62. e6+ {[%emt 0:0:5]} Ke8 {[%emt 0:0:16]} 63. Bd4 {[%emt 0:0:20]} b5 {[%emt 0:0:0]} 64. Bc5 {[%emt 0:0:1]} 1-0